00435nam a2200157Ia 4500008004100000020002000041041000800061082001600069100001700085245008500102260002900187300000800216365001600224650001400240700002300254140306s9999 xx 000 0 und d a0 415 14945 2 aeng a330bROV/NE aOsteen, Mark aNew economic criticism : studies at the intersection of literature and economics aLondonbRoutledgec 1999 a437 bU.K.P.19.99 aEconomics aWoodmansee, Martha